000 00479nam a2200157Ia 4500
008 240729s9999 xx 000 0 und d
022 _a2254-7088
245 0 _aEuropean Journal of Government and Economics
260 _aSpain
260 _bUniversity of A Coruna
650 _a Political institutions and public administration (General)
650 _aPolitical science
856 _uhttps://doaj.org/toc/e2498a44e5264e5092e7893f76903b34
942 _2ddc
942 _cDOAJEJ
999 _c70746
_d70746
945 _a1
_bMadushi Gamage
_c1
_dMadushi Gamage